| 000 | 00445nam a22001697a 4500 | ||
|---|---|---|---|
| 003 | BD-ChCU | ||
| 005 | 20260331103321.0 | ||
| 008 | 260331b bg ||||| |||| 00| 0 ben d | ||
| 040 | _cBD-ChCU | ||
| 082 | _a330.18 THP | ||
| 100 |
_aTheil , Henri . _920966 |
||
| 245 |
_aPrinciples of econometrics ./ _cHenri , Theil. |
||
| 260 |
_aNew York : _bWiley _cC 1971 |
||
| 300 | _axxxi , 376p. | ||
| 650 | 0 |
_aEconomics . _920968 |
|
| 942 |
_2ddc _cBK _n0 |
||
| 999 |
_c111955 _d111955 |
||